00786pam a2200241 a 450000100070000000500170000700800410002401000170006502000250008202000450010704000180015204100080017008000140017808200180019210000070021010100080021724500810022550400510030690600450035794200120040299900170041495201130043146239620180307031836.0831128s1984 mnua b 001 0 eng  a 83023568  a0314778624 :c$24.95 a0314778659 (International ed.) :c$17.00 aDLCcDLCdDLC aeng a613.2 WHI00a613.2 WHI2191 a10 aNUT10aUnderstanding nutrition /cEleanor Noss Whitney, Eva May Nunnelley Hamilton. aIncludes bibliographical references and index. a7bcbccorignewd1eocipf19gy-gencatlg 2ddccBK c44237d44237 00102udc40708PËKGa002b002cPËKGd2018-03-07l0o613.2 WHIp002-3000987r2018-03-07w2018-03-07yBK